|
|
|
|
| LEADER |
00000nab a2200000 a 4500 |
| 001 |
vtls008841479 |
| 003 |
SK-MaSNL |
| 005 |
20260426084400.0 |
| 008 |
250505c2006 xo mr|p|||||||000 b|slo |
| 015 |
|
|
|a SNBRB2006/08
|2 snkbucl
|
| 035 |
|
|
|a (uuid)581ba72e-5654-4550-aa89-38bb8fd84337
|
| 035 |
|
|
|a urn:nbn:sk:snk-abeso0
|
| 035 |
|
|
|a (urnnbn)urn:nbn:sk:snk:ar-a08vcq
|
| 038 |
|
|
|a SNKBUCL
|
| 040 |
|
|
|a SNKBUCL
|b slo
|c SNKBUCL
|e AACR2
|
| 041 |
0 |
|
|a slo
|
| 044 |
|
|
|a xo
|c SK
|
| 080 |
|
|
|a 94(4-191.2)"16"
|2 1997
|
| 080 |
|
|
|a 904(437.6):726.54
|2 1997
|
| 080 |
|
|
|a 726.54
|2 1997
|
| 100 |
1 |
|
|a Porubän, Roman
|d 1974-
|4 aut
|9 267303
|
| 245 |
1 |
0 |
|a Šopronský snem a artikulárne kostoly na Slovensku
|c Roman Porubän
|
| 648 |
|
7 |
|a 17. stor.
|2 snkbucl
|9 288141
|
| 650 |
0 |
7 |
|a artikulárne kostoly
|2 snkbucl
|9 89762
|
| 651 |
|
7 |
|a Slovensko
|2 snkbucl
|9 14231
|
| 651 |
|
7 |
|a Uhorsko
|x dejiny
|2 snkbucl
|9 56334
|
| 773 |
0 |
|
|t Cirkevné listy
|g Roč. CXXX, č. 7-8 (2006), s. 25-33
|x 0139-9217
|
| 850 |
|
|
|a Slovenská národná knižnica
|
| 852 |
|
|
|a Slovenská národná knižnica
|
| 954 |
|
|
|a odborná, vedecká literatúra pôvodná (slovenská)
|2 lita
|
| 958 |
|
|
|a article2022
|
| 958 |
|
|
|a SK
|
| 958 |
|
|
|a OND
|
| 958 |
|
|
|a EUIPO
|
| 999 |
|
|
|c 2931415
|d 2933345
|